000 00681cam a22002651 4500
001 sa 65007112
003 DLC
005 20260227112147.0
008 940713s1963 ii ac b 000 0 beno
010 _asa 65007112
025 _aPL480:I-B-1851
035 _a(OCoLC)30759485
040 _aDLC
_cCU
_dCU
_dDLC
042 _apremarc
050 0 0 _aHQ56
_b.A26
100 0 _aAbul Hasanat,
_d1905-
245 1 0 _aSacitra yaunabijñāna.
260 _c[1963]
300 _a2 v.
_bill., ports.
_c23 cm.
500 _aIn Bengali.
500 _aVol. 2 has title: Yaunabijñāna.
504 _aIncludes bibliographies.
650 0 _aSex instruction.
740 0 _aYaunabijñāna.
999 _c65069
_d65069